10 Codes Quiz Stats

 Plays Quiz not verified by Sporcle

Score 0/124 Timer 15:00
0 Plays Today
Law Enforcement Program Quiz % Correct
10-1Unable to copy
52.5%
10-9Repeat
50%
10-8In service
47.5%
10-6Busy
45%
10-7Out of service
45%
10-2Receiving well
42.5%
10-20Your location
42.5%
10-3Go ahead
30%
10-4Acknowledgment
27.5%
10-5Relay
27.5%
10-10Out of service
20%
10-12Stand by
20%
10-19Return to location
20%
10-21Call by telephone
20%
10-11Dispatching too rapidly
17.5%
10-13Weather and road report
17.5%
10-14Escort
17.5%
10-23Stand by
17.5%
10-16None
15%
10-22Give number you can be reached at
15%
10-50Cruiser involved in accident
15%
10-15Have subject in vehicle
12.5%
10-18Complete present assignment
12.5%
10-25Pedestrian check
12.5%
10-44Possible mental subject
12.5%
10-45Domestic trouble
12.5%
10-46Prisoner in custody
12.5%
CColor
12.5%
10-17Meet complaint
10%
10-31Crime in progress
10%
10-32Persons with weapons
10%
10-33Chase in progress
10%
10-34General broadcast
10%
10-35None
10%
10-36Correct time
10%
10-37Dispatcher on duty
10%
10-38Stopping suspicious vehicle
10%
10-39Investigating suspicious vehicle
10%
10-40Permission to leave patrol area
10%
10-42Dog case
10%
10-47Medical examiner needed
10%
10-48Unattended death
10%
Law Enforcement Program Quiz % Correct
10-49Possible homicide
10%
10-53Possible OUI
10%
10-54Drag racing
10%
10-55Automobile accident
10%
10-60Lost hunter
10%
10-61Hunting accident
10%
10-70Civil disturbance
10%
10-71Bomb threat
10%
10-72Fire alarm
10%
10-73Trouble at station
10%
10-74Officer needs assistance
10%
10-86None
10%
10-87None
10%
10-88None
10%
YYear
10%
MMake
10%
XXray
10%
10-24Records indicate wanted or stolen
7.5%
10-30Illegal use of radio
7.5%
10-41Report of prowler
7.5%
10-51Debris in road
7.5%
10-52Improperly parked
7.5%
10-56Wrecker needed
7.5%
10-57Ambulance needed
7.5%
10-58Direct traffic
7.5%
10-59Assist motorist
7.5%
10-62Drowning accident
7.5%
10-63Night hunting
7.5%
10-64Dog-deer complaint
7.5%
10-65Boating accident
7.5%
10-66Snowmobile accident
7.5%
10-67None
7.5%
10-68None
7.5%
10-69None
7.5%
10-76Jail or prison break
7.5%
10-77Road block
7.5%
10-78Bank alarm
7.5%
10-79Plane crash
7.5%
10-80House or business alarm
7.5%
10-81Report of smoke
7.5%
10-82Persons fighting
7.5%
10-83Traffic violation
7.5%
Law Enforcement Program Quiz % Correct
10-84None
7.5%
10-85Will be late
7.5%
10-89Too much air time
7.5%
10-90None
7.5%
BBody
7.5%
WRITE BLANK>>>>>>>>>BLANK
7.5%
AAdam
7.5%
BBoy
7.5%
CCharles
7.5%
DDavid
7.5%
EEdward
7.5%
FFrank
7.5%
GGeorge
7.5%
HHenry
7.5%
IIda
7.5%
JJohn
7.5%
KKing
7.5%
LLincoln
7.5%
MMary
7.5%
NNora
7.5%
OOcean
7.5%
PPaul
7.5%
QQueen
7.5%
RRobert
7.5%
SSam
7.5%
TTom
7.5%
UUnion
7.5%
VVictor
7.5%
WWilliam
7.5%
YYoung
7.5%
ZZebra
7.5%
10-27Drivers license information
5%
10-28Vehicle registration information
5%
10-29Check records for wanted
5%
10-75Emergency air clearance
5%
LLicense Number
5%
10-26Detaining subject expedite
2.5%
10-43Intoxicated pedestrian
2.5%
AAnd
2.5%
SSerial Number
2.5%

You're not logged in!

Compare scores with friends on all Sporcle quizzes.
OR
Log In

Show Comments

Extras

Created Apr 13, 2011SourceReportNominate
Tags:code

Top Quizzes Today


Score Distribution

Your Account Isn't Verified!

In order to create a playlist on Sporcle, you need to verify the email address you used during registration. Go to your Sporcle Settings to finish the process.

Report this User

Report this user for behavior that violates our Community Guidelines.

Details: